| 000 | 01376nam0a22003131 4500 | ||
|---|---|---|---|
| 001 | rc\3295200 | ||
| 005 | 20130115145536.2 | ||
| 021 |
_aRU _b[72-82955] |
||
| 035 | _a(NLR Aleph) 007542962 | ||
| 090 |
_a9772944 _c9772944 |
||
| 100 | _a20130115d1972 |||y0rusy50 ca | ||
| 101 | 0 | _arus | |
| 102 | _aRU | ||
| 105 | _aa z ||||| | ||
| 200 | 1 |
_aИзмерения в цепях переменного тока _e(Методы уравновешивания) _fПод ред. чл.-кор. АН СССР. К.Б. Карандеева _gАН СССР. Сиб. отд-ние. Ин-т автоматики и электрометрии |
|
| 210 |
_aНовосибирск _cНаука. Сиб. отд-ние _d1972 |
||
| 215 |
_a162 с. _cчерт. _d22 |
||
| 300 | _aНа обл. авт.: Г.Л.(!) Штамбергер | ||
| 320 | _aСписок лит.: с. 153-161 (178 назв.) | ||
| 606 |
_aЭлектрические цепи переменного тока, измерительные _2psbo |
||
| 606 |
_aЭлектрические измерения _2psbo |
||
| 700 | 1 |
_6z01790 _aШтамбергер _bГ. А. _gГенрих Абрамович |
|
| 702 | 1 |
_aКарандеев _bК. Б. _4340 |
|
| 790 | 1 |
_6z01700 _aШтамбергер _bГ. _gГ.Л.(!) |
|
| 801 | 0 |
_aRU _bNLR _gpsbo |
|
| 801 | 1 |
_aRU _bELAR _2rusmarc |
|
| 852 |
_aNLR _j72-5/3707 |
||
| 942 | _cBOOK | ||
| 980 | _aNB | ||